Countries with Three Vowels - Statistics

General Stats
  • This quiz has been taken 162 times
    119 since last reset
  • The average score is 24 of 57
Answer Stats
Country % Correct
Canada
67%
India
67%
Portugal
63%
Belarus
60%
Greece
60%
Belgium
56%
Latvia
56%
Morocco
56%
Haiti
53%
Russia
53%
Bahamas
51%
Iceland
51%
Ireland
51%
Serbia
51%
Angola
49%
Barbados
49%
Kosovo
49%
Panama
49%
Zambia
49%
Andorra
47%
Belize
47%
Burundi
47%
Comoros
47%
Mexico
44%
Netherlands
44%
Pakistan
44%
Samoa
44%
Bahrain
42%
Gambia
42%
Nauru
42%
Palau
42%
Uganda
42%
Guyana
40%
Monaco
40%
Tuvalu
40%
Vietnam
40%
Botswana
37%
Israel
37%
Senegal
37%
Seychelles
37%
Lebanon
33%
Lesotho
33%
Maldives
33%
Sri Lanka
33%
Thailand
33%
Bangladesh
30%
Brunei
30%
Grenada
30%
Kuwait
30%
Switzerland
30%
Malawi
28%
Zimbabwe
28%
Kazakhstan
26%
Moldova
26%
Taiwan
26%
Honduras
23%
Swaziland
12%
No matching quizzes found
Score Distribution
Percent of People with Each Score
Percentile by Number Answered
Your Score History
You have not taken this quiz since the last reset